Nomenclatural notes on Homonomy and synonymy in the Gerromorpha (Heteroptera: Gerridae, Hydrometridae) (Registro nro. 13412)

Detalles MARC
000 -CABECERA
Campo de control 004130000a22001210004500
090 ## - CLASIFICACIÓN LOCAL
Colección AR
Consecutivo 04315
041 0# - IDIOMA
Código de idioma para texto/pista de sonido o título separado
100 1# - ASIENTO PRINCIPAL--NOMBRE PERSONAL
Nombre personal Polhemus, John T.
245 10 - MENCION DE TITULO
Título Nomenclatural notes on Homonomy and synonymy in the Gerromorpha (Heteroptera: Gerridae, Hydrometridae)
500 ## - NOTA GENERAL
Nota general <Literatura de escarabajos coprófagos>
773 1# - Item fuente:
Título J. New York Entomol. Soc.
Descripción física 2-3
Paginas del Articulo 212-213
Lugar, editorial y fecha de publicación 2004
Información sobre la relación 112
942 ## - ELEMENTOS ADICIONALES (KOHA)
Tipo de ítem Artículo
Existencias
Withdrawn status Lost status Damaged status No para préstamo Colección Ubicación Permanente Ubicación actual Fecha de adquisición Fuente de Valor Datos de publicación Seriada Total Checkouts Número topográfico Inventario / Código de Barras Date last seen Ejemplar Price effective from Forma de adquisición Tipo de material
      No para Préstamo Hemeroteca Bogotá Bogotá 21/11/2006 Trujillo, Diego Fuera de circulación   AR 04315 023760 25/03/2015 1 25/03/2015   Artículo